Breve historia de América /

El libro es una historia general sobre América desde la época prehispánica hasta las dos primeras decadas del siglo XX.

Uloženo v:
Podrobná bibliografie
Hlavní autor: Pereyra, Carlos (autor)
Médium: Kniha
Jazyk:španělština
Témata:
Tagy: Přidat tag
Žádné tagy, Buďte první, kdo vytvoří štítek k tomuto záznamu!

MARC

LEADER 00000nam^a2200000^a^4500
001 000098118
005 20250521000000.0
009 20260310093041.192
037 |a Acervo ITESO - Biblioteca 
041 |a ESP 
082 |a 980.  |b PER 
100 |a Pereyra, Carlos  |e (autor) 
245 1 0 |a Breve historia de América /  |c C. Pereyra. 
264 |a Madrid, España :  |b Aguilar,  |c 1930 
300 |a 748 p. 
336 |a texto  |b txt  |2 rdacontenido 
337 |a sin mediación  |b n  |2 rdamedio 
338 |a volumen  |b nc  |2 rdasoporte 
520 |a El libro es una historia general sobre América desde la época prehispánica hasta las dos primeras decadas del siglo XX. 
649 |a XX 
650 |a América -  |x Historia 
910 |a Fondo Jesús Rodríguez 
920 |a Impresos - Libros 
930 |a Fondos Especiales 
905 |a 113 
901 |a 0500033063  |b IT2  |c ESP  |u 20250521 
902 |a https://opac.biblio.iteso.mx/vufind/Record/000098118